LEADER 01093nam0-22003371i-450- 001 990004338880403321 005 20060906091331.0 035 $a000433888 035 $aFED01000433888 035 $a(Aleph)000433888FED01 035 $a000433888 100 $a19990604d1972----km-y0itay50------ba 101 1 $aita 105 $ay-------001yy 200 1 $aSette saggi sulla realta' peruviana$ee altri scritti politici$fJose' Carlos Mariategui$ga cura di Bruno Mari e Gabriella Lapasini 210 $aTorino$cEinaudi$d1972. 215 $aC, 446 p.$d19 cm 225 1 $aNuova universale Einaudi$v138 300 $aTit.orig.: Siete ensayos de interpretacion de la realidad peruana. 610 0 $aPerù$aStoria 676 $a985$v21$zita 700 1$aMariátegui,$bJosé Carlos$f<1894-1930>$0388145 702 1$aLapasini,$bGabriella 702 1$aMari,$bBruno 801 0$aIT$bUNINA$gRICA$2UNIMARC 901 $aBK 912 $a990004338880403321 952 $a985 MAR 1$bI.st.r.c.1356$fFLFBC 959 $aFLFBC 996 $aSette saggi sulla realta' peruviana$9486892 997 $aUNINA LEADER 01787nam1 22004093i 450 001 BVE0095781 005 20231121125415.0 010 $a8885147380 100 $a19961018d1995 ||||0itac50 ba 101 | $aita$alat 102 $ait 181 1$6z01$ai $bxxxe 182 1$6z01$an 200 1 $aBiblioteca apostolica vaticana$eArchivio S. Pietro B 79$e*Antifonario della Basilica di S. Pietro (sec. 12.) 210 $aRoma$cTorre D'Orfeo$d1995 215 $a2 v.$d35 cm 225 | $aMusica Italiae liturgica$v1 300 $aIn custodia. 410 0$1001BVE0095785$12001 $aMusica Italiae liturgica$v1 463 1$1001BVE0095789$12000 $a[1]$fintroduzione e indici a cura di Bonifacio Giacomo Baroffio, Soo Jung Kim$gpresentazione di Leonard E. Boyle$v1 463 1$1001BVE0095795$12001 $a˜2: œFac-simile$v2 606 $aManoscritti$xRoma$xBiblioteca apostolica vaticana$xMs. B 79$2FIR$3RMLC070411$9I 676 $a264.0204$9CULTO PUBBLICO DELLA CHIESA CATTOLICA ROMANA. Letture dal responsorio$v20 712 02$aBiblioteca apostolica vaticana$3CFIV013115 791 02$aBiblioteca Vaticana$3CFIV122929$zBiblioteca apostolica vaticana 791 02$aBibliothèque Vaticane$3CFIV137873$zBiblioteca apostolica vaticana 791 02$aVatican library$3CFIV146632$zBiblioteca apostolica vaticana 801 3$aIT$bIT-01$c19961018 850 $aIT-RM028 $aIT-FR0017 899 $aBiblioteca Universitaria Alessandrina$bRM028 899 $aBiblioteca umanistica Giorgio Aprea$bFR0017 912 $aBVE0095781 950 1$aBiblioteca umanistica Giorgio Aprea$d 52SALA BRAGAS.S.L. 286.1$d 52SALA BRAGAS.S.L. 286.2 967 $m1 977 $a 01$a 52 996 $aBiblioteca apostolica vaticana$9209341 997 $aUNICAS